Statistics for Most Appearances & Goals at the FIFA World Cup for Italy

Click here to take the quiz!

General Stats

  • This quiz has been taken 110 times
  • The average score is 15 of 26

Answer Stats

Answer% Correct
Paolo Maldini
94%
Fabio Cannavaro
91%
Gianluigi Buffon
90%
Roberto Baggio
86%
Paolo Rossi
84%
Dino Baggio
83%
Dino Zoff
81%
Alessandro Del Piero
78%
Christian Vieri
68%
Giuseppe Meazza
64%
Salvatore Schillaci
59%
Gianluca Zambrotta
56%
Gigi Riva
56%
Gianni Rivera
54%
Gaetano Scirea
50%
Marco Tardelli
50%
Alessandro Altobelli
44%
Giuseppe Bergomi
41%
Sandro Mazzola
41%
Giacinto Facchetti
39%
Silvio Piola
39%
Claudio Gentile
35%
Antonio Cabrini
33%
Raimundo Orsi
18%
Gino Colaussi
14%
Angelo Schiavio
9%

Score Distribution

Percentile by Number Answered

Percent of People with Each Score

Your Score History

You have not taken this quiz